000 00349nam a2200145Ia 4500
005 20251222140102.0
008 251222s1900||||xx |||||||||||||| ||spa||
020 _a8495334704
082 _a141.5/D68E
100 _aDías, Carlos
245 0 _aMi Encuentro con el Personalismo Comunitario
250 _a1ra.ed.
264 _bMounier
942 _cLIB
999 _c3953
_d3953